000 00525nam a2200145Ia 4500
008 100204s9999 xx 000 0 und d
082 _b24383
100 _aबांदिवडेकर चंद्र्रकांत
245 _aनिजभाषा उन्नति
260 _b"ग्रंथाली ज्ञानयज्ञ , मुंबई"
_c2000
300 _a71
630 _aनिजभाषा उन्नति
730 _aनिजभाषा उन्नति
942 _cBOOK
999 _c469564
_d469561